000 00321nam a22001457a 4500
003 SGT
020 _a9788121909266
082 _a153.9AGG
100 _aAGGARWAL, R.S.
245 _aQUANTITATIVE APTITUDE
260 _aNEW DELHI
_bS. CHAND
_c2002
300 _a582
650 _aQUANTITATIVE APTITUDE
942 _2ddc
_cBK
999 _c10314
_d10314